[Event "Bled Olympiad"]
[Site "Bled SLO"]
[Date "2002.11.01"]
[EventDate "2002.10.26"]
[Round "7"]
[Result "0-1"]
[White "Ibrahim Hasan Labib"]
[Black "Klaus Bischoff"]
[WhiteElo "2432"]
[BlackElo "2554"]
[PlyCount "118"]

1. e4 c5 2. Nf3 e6 3. d3 Nc6 4. g3 d5 5. Nbd2 Nf6 6. Bg2 Be7
7. O-O O-O 8. e5 Ne8 9. Re1 Bd7 10. h4 Nc7 11. Nf1 b5 12. N1h2
a5 13. Ng4 b4 14. Bf4 a4 15. a3 Nb5 16. Ng5 Ncd4 17. Ne3 Be8
18. Qg4 Ra6 19. Nh3 Kh8 20. h5 Rg8 21. Kh2 bxa3 22. bxa3 Nc3
23. Ng1 Rb6 24. Rec1 f5 25. Qh3 Rb2 26. Bf3 Rf8 27. Qg2 Bc6
28. g4 Nxf3+ 29. Qxf3 Qe8 30. Qg3 fxg4 31. Qxg4 Qf7 32. Nh3
Rbb8 33. Rg1 Rg8 34. Rg3 Rbf8 35. Rag1 h6 36. Ng2 Qf5 37. Qxf5
Rxf5 38. Bd2 Ne2 39. Ngf4 Nxg1 40. Ng6+ Kh7 41. Nxe7 Nf3+
42. Rxf3 Rxf3 43. Nxc6 Rgf8 44. Kg2 R3f7 45. Na5 Kg8 46. Kg3
Rf3+ 47. Kg4 Rxh3 48. Kxh3 Rxf2 49. Be1 Rxc2 50. Nb7 Kf7
51. Bh4 Ke8 52. Kg4 Rc3 53. Bf2 d4 54. Kf4 Kd7 55. Ke4 Kc7
56. Nd6 Kc6 57. Nc4 Rc1 58. Bg3 Rh1 59. Nb2 Rh3 0-1

[Event "Bled Olympiad"]
[Site "Bled SLO"]
[Date "2002.11.01"]
[EventDate "2002.10.26"]
[Round "7"]
[Result "1-0"]
[White "Rustem Dautov"]
[Black "Khaled Abdel Razik"]
[WhiteElo "2617"]
[BlackElo "2354"]
[PlyCount "123"]

1. d4 Nf6 2. c4 c5 3. d5 b5 4. cxb5 a6 5. bxa6 Bxa6 6. Nc3 d6
7. Nf3 g6 8. g3 Bg7 9. Bg2 Nbd7 10. Rb1 Nb6 11. b3 Bb7 12. Nh4
O-O 13. O-O Qd7 14. Qd2 Rfb8 15. Rd1 Ne8 16. Bb2 Nc7 17. e4
Rd8 18. Bf3 e6 19. Ba1 exd5 20. Nxd5 Nbxd5 21. Bxg7 Kxg7
22. exd5 Qe7 23. b4 Na6 24. a3 Qf6 25. Qb2 Re8 26. Qxf6+ Kxf6
27. Ng2 Rec8 28. Ne3 cxb4 29. axb4 Rc3 30. Kf1 Rb8 31. Be2 Bc8
32. b5 Nc5 33. Nc4 Bh3+ 34. Ke1 Bg4 35. Bxg4 Rxc4 36. Be2 Rc2
37. Rdc1 Rxc1+ 38. Rxc1 Ke5 39. Rd1 g5 40. Bc4 h5 41. Kd2 Ne4+
42. Ke3 g4 43. Rb1 Nc3 44. Re1 Nxd5+ 45. Kd3+ Kf6 46. Bxd5
Rxb5 47. Bc4 Rb2 48. Ke3 Rc2 49. Bd5 Rc5 50. Rd1 Rc2 51. Bb3
Rc6 52. Rd3 Kg6 53. f3 gxf3 54. Kxf3 h4 55. Kf4 hxg3 56. hxg3
Rb6 57. Bd5 Rb4+ 58. Be4+ f5 59. Rxd6+ Kh5 60. Kxf5 Rb5+
61. Rd5 Rb2 62. Kf4+ 1-0

[Event "Bled Olympiad"]
[Site "Bled SLO"]
[Date "2002.11.01"]
[EventDate "2002.10.26"]
[Round "7"]
[Result "0-1"]
[White "Esam Aly Ahmed"]
[Black "Alexander (Nenashev) Graf"]
[WhiteElo "2394"]
[BlackElo "2635"]
[PlyCount "108"]

1. e4 c5 2. Nf3 e6 3. d4 cxd4 4. Nxd4 Nf6 5. Nc3 d6 6. g4 Nc6
7. g5 Nd7 8. Be3 a6 9. Rg1 Qc7 10. h4 b5 11. Nxc6 Qxc6 12. Bg2
Qc7 13. Qd4 Rb8 14. a3 Ne5 15. f4 Nc4 16. Nd1 Bb7 17. Bf2 e5
18. Qc3 d5 19. fxe5 Rd8 20. exd5 Bxd5 21. Ne3 Bxg2 22. Nxc4
Bb7 23. Ne3 Qxc3+ 24. bxc3 Rc8 25. c4 Bc5 26. cxb5 axb5
27. Rb1 Ba6 28. Nd5 O-O 29. Nb4 Bb7 30. Rg3 Rfe8 31. Bxc5 Rxc5
32. Nd3 Rxc2 33. Rxb5 Ba6 34. Ra5 Bc4 35. Nb4 Re2+ 36. Kd1 Rh2
37. Nc6 Rxh4 38. Kd2 Be6 39. Rd3 Rg4 40. Ra7 Rxg5 41. a4 h5
42. a5 h4 43. Rd4 Rg2+ 44. Ke3 g5 45. Rb7 Ra2 46. Rb1 Kg7
47. Rg1 Kh6 48. Rd6 Kh5 49. Nd4 Rxa5 50. Ke4 Bc8 51. Nf3 Ra4+
52. Nd4 Bg4 53. Rf6 h3 54. Kd3 Rxe5 0-1

[Event "Bled Olympiad"]
[Site "Bled SLO"]
[Date "2002.11.01"]
[EventDate "2002.10.26"]
[Round "7"]
[Result "1-0"]
[White "Hrvoje Stevic"]
[Black "Priit Leito"]
[WhiteElo "2512"]
[BlackElo "2347"]
[PlyCount "75"]

1. e4 c5 2. Nf3 e6 3. c3 d5 4. exd5 exd5 5. Bb5+ Nc6 6. Qe2+
Be7 7. O-O Nf6 8. Re1 Bg4 9. d3 Bxf3 10. Qxf3 O-O 11. Nd2 Rc8
12. Nf1 a6 13. Bxc6 Rxc6 14. Bg5 Re8 15. Ne3 Re6 16. Nf5 Qd7
17. Re3 Bd8 18. Rae1 g6 19. Rxe6 Rxe6 20. Rxe6 Qxe6 21. Ne3 d4
22. cxd4 cxd4 23. Nf1 Kg7 24. b3 b5 25. Qf4 Qd5 26. Ng3 h5
27. h3 Be7 28. Ne2 Qe6 29. Nxd4 Qe1+ 30. Kh2 Nd5 31. Qg3 Bc5
32. Nf5+ Kh7 33. Ne3 Nc3 34. Qf3 Kg8 35. g3 Ne2 36. Qg2 Qc1
37. h4 Kg7 38. Nf5+ 1-0

[Event "Bled Olympiad"]
[Site "Bled SLO"]
[Date "2002.11.01"]
[EventDate "2002.10.26"]
[Round "7"]
[Result "1/2-1/2"]
[White "Ognjen Cvitan"]
[Black "Mikhail Rytshagov"]
[WhiteElo "2562"]
[BlackElo "2503"]
[PlyCount "123"]

1. c4 e5 2. g3 Nf6 3. Bg2 d5 4. cxd5 Nxd5 5. Nc3 Nb6 6. Nf3
Nc6 7. O-O Be7 8. a3 Be6 9. d3 O-O 10. Rb1 a5 11. Be3 Nd5
12. Bd2 f6 13. Qc2 Qd7 14. Na4 Rfc8 15. Rbc1 Nd8 16. Rfd1 Nb6
17. Nxb6 cxb6 18. Qb1 Bb3 19. Rxc8 Rxc8 20. Rc1 Rxc1+ 21. Qxc1
Nc6 22. Be3 b5 23. Nd2 Be6 24. Bb6 a4 25. Kf1 b4 26. axb4 Bxb4
27. Bc5 Bxc5 28. Qxc5 Nd4 29. Ne4 Bh3 30. Nc3 Bxg2+ 31. Kxg2
b5 32. f3 Qb7 33. Kf2 Kf7 34. Ne4 Qd7 35. e3 Nb3 36. Qxb5 Qxb5
37. Nd6+ Ke6 38. Nxb5 Nc1 39. d4 Nd3+ 40. Ke2 Nxb2 41. dxe5
Kxe5 42. e4 g5 43. Ke3 Nc4+ 44. Kd3 a3 45. Nc3 Nb2+ 46. Kc2
Nc4 47. Kd3 Nb2+ 48. Kc2 h5 49. h4 gxh4 50. f4+ Kd4 51. gxh4
Nc4 52. e5 fxe5 53. fxe5 Kxe5 54. Kb3 Ne3 55. Ne2 Nf5 56. Kxa3
Ke4 57. Nc3+ Ke5 58. Ne2 Ke4 59. Nc3+ Kf3 60. Nd5 Kg4 61. Nf6+
Kxh4 62. Nxh5 1/2-1/2

[Event "Bled Olympiad"]
[Site "Bled SLO"]
[Date "2002.11.01"]
[EventDate "2002.10.26"]
[Round "7"]
[Result "1/2-1/2"]
[White "Igor Miladinovic"]
[Black "Vasile Sanduleac"]
[WhiteElo "2518"]
[BlackElo "2471"]
[PlyCount "201"]

1. d4 d5 2. c4 c6 3. cxd5 cxd5 4. Nc3 Nf6 5. Bf4 Nc6 6. e3 a6
7. Bd3 Bg4 8. f3 Bc8 9. Nge2 e6 10. g4 Bd6 11. h4 Bxf4
12. Nxf4 Qd6 13. Qd2 Bd7 14. g5 Ng8 15. Rc1 Nge7 16. Nh5 Kf8
17. Kf2 Rd8 18. f4 h6 19. gxh6 Rxh6 20. Qe2 g6 21. Ng3 Kg7
22. Qf3 Rdh8 23. h5 Qb4 24. Rb1 f5 25. a3 Qd6 26. Rbg1 Be8
27. Nce2 Qd8 28. b4 Nb8 29. hxg6 Rxh1 30. Rxh1 Bxg6 31. Qg2
Rxh1 32. Qxh1 Nd7 33. Ng1 Nf6 34. Nf3 Qc8 35. Qe1 Neg8 36. Ne5
Nh6 37. Ke2 Nhg4 38. Kd2 Qh8 39. Qg1 Qh3 40. Nf3 Qh8 41. Ng5
Bf7 42. Ne2 Qh2 43. Qxh2 Nxh2 44. Nc3 Ne8 45. Na4 Nd6 46. Nc5
Kf6 47. a4 Ng4 48. a5 Nf2 49. Be2 Be8 50. Ngxe6 Nfe4+ 51. Kc2
Nxc5 52. Nxc5 Bc6 53. Kb3 Ke7 54. Bd3 Kf6 55. Na4 Ke6 56. Nc3
Be8 57. Kc2 Bc6 58. Kd2 Kf6 59. Ke2 Kg6 60. Kf2 Kf6 61. Kg3
Kg6 62. Kh4 Kf6 63. Be2 Nc8 64. Kh5 Nd6 65. Bf1 Be8+ 66. Kh4
Bc6 67. Be2 Nc8 68. b5 axb5 69. Bxb5 Na7 70. Be2 Nc8 71. Kg3
Nd6 72. Kf2 Ke6 73. Ke1 Ne8 74. Kd2 Nf6 75. Bd3 Ng4 76. Na2
Bd7 77. Nb4 Kd6 78. Bc2 Be6 79. Nd3 Bc8 80. Nc5 Kc7 81. Na4
Kd6 82. Bd1 Nf6 83. Kc3 Ne4+ 84. Kb4 Ng3 85. Bf3 Nf1 86. Bxd5
Kxd5 87. Nb6+ Kc6 88. Nxc8 Nxe3 89. Ne7+ Kd6 90. Ng6 Kd5
91. Kc3 Ke4 92. Ne7 Kxf4 93. Kd3 Ng4 94. Kc4 Ke4 95. Nxf5 Kxf5
96. Kc5 Ne3 97. d5 Ke5 98. d6 Ke6 99. a6 bxa6 100. d7 Kxd7
101. Kb6 1/2-1/2

[Event "Bled Olympiad"]
[Site "Bled SLO"]
[Date "2002.11.01"]
[EventDate "2002.10.26"]
[Round "7"]
[Result "1-0"]
[White "Viktor Bologan"]
[Black "Stelios Halkias"]
[WhiteElo "2627"]
[BlackElo "2528"]
[PlyCount "107"]

1. e4 c5 2. Nf3 e6 3. d3 Nc6 4. c3 d5 5. Qe2 d4 6. g3 Bd6
7. Bg2 Nge7 8. O-O O-O 9. Nbd2 Rb8 10. cxd4 cxd4 11. Nh4 e5
12. f4 exf4 13. gxf4 Bc7 14. Nb3 f6 15. Bd2 Kh8 16. Rac1 Bb6
17. Nc5 Bxc5 18. Rxc5 Qb6 19. Rc2 Be6 20. b4 Rbe8 21. a3 Qa6
22. Bc1 Qa4 23. Bb2 a5 24. bxa5 Qxa5 25. Qf2 Bb3 26. Re2 Rd8
27. Nf3 Ng6 28. Qg3 Qb5 29. Rd2 Bf7 30. Bh3 Nge7 31. Bg4 f5
32. Bh3 Rd6 33. Nh4 Bg6 34. Rg2 Rg8 35. Re1 Rf6 36. Rf2 h6
37. Rg2 Bh7 38. Bc1 Qc5 39. Kh1 fxe4 40. dxe4 Bxe4 41. Ree2
Bxg2+ 42. Rxg2 Qxc1+ 43. Rg1 Qc2 44. Qe1 d3 45. Rg2 Qc5
46. Be6 Rd8 47. Qg3 g6 48. Qe1 Qd6 49. Qc3 Kg7 50. Rxg6+ Nxg6
51. Nf5+ Kh7 52. Nxd6 Rxd6 53. Qxf6 Nd8 54. Bg8+ 1-0

[Event "Bled Olympiad"]
[Site "Bled SLO"]
[Date "2002.11.01"]
[EventDate "2002.10.26"]
[Round "7"]
[Result "0-1"]
[White "Alexey Khruschiov"]
[Black "Ioannis Nikolaidis"]
[WhiteElo "2412"]
[BlackElo "2495"]
[PlyCount "106"]

1. e4 c5 2. Nf3 d6 3. d4 Nf6 4. Nc3 cxd4 5. Nxd4 g6 6. Be3 Bg7
7. f3 Nc6 8. Qd2 O-O 9. Bc4 Bd7 10. Bb3 Ne5 11. O-O-O Rb8
12. Nde2 a5 13. f4 Neg4 14. e5 dxe5 15. fxe5 Nxe5 16. Bf4 Neg4
17. Rhf1 Bc6 18. Qe1 Qb6 19. h3 a4 20. Bxa4 Ne3 21. Qf2 Nfd5
22. Bxb8 Nxd1 23. Qxb6 Nxb6 24. Bxc6 Nxc3 25. Nxc3 Rxb8
26. Bf3 Nc4 27. Rd1 b5 28. Rd7 e6 29. Rb7 Rxb7 30. Bxb7 Bxc3
31. bxc3 Kf8 32. Bc6 Nd6 33. Kb2 Nc4+ 34. Kc1 Nd6 35. Kb2 Ke7
36. Kb3 e5 37. c4 bxc4+ 38. Kc3 Kd8 39. g4 f5 40. g5 f4
41. Bd5 Kc7 42. Kd2 Kb6 43. Bg8 Kc5 44. h4 Nf5 45. h5 gxh5
46. Bxh7 Nd6 47. Ke2 h4 48. c3 h3 49. g6 Nf5 50. g7 Nxg7
51. Kf3 Ne6 52. Kg4 Ng5 53. Kxg5 f3 0-1

[Event "Bled Olympiad"]
[Site "Bled SLO"]
[Date "2002.11.01"]
[EventDate "2002.10.26"]
[Round "7"]
[Result "1/2-1/2"]
[White "Angelos Vouldis"]
[Black "Ruslan Soltanici"]
[WhiteElo "2526"]
[BlackElo "2408"]
[PlyCount "70"]

1. e4 c5 2. Nf3 d6 3. d4 cxd4 4. Nxd4 Nf6 5. Nc3 a6 6. Bg5 e6
7. f4 Nbd7 8. Qf3 Qc7 9. O-O-O b5 10. Bd3 Bb7 11. Rhe1 Be7
12. Qg3 h6 13. Bxf6 Nxf6 14. e5 dxe5 15. fxe5 Nd5 16. Nxe6
fxe6 17. Qg6+ Kd7 18. Bf5 exf5 19. Nxd5 Bxd5 20. Rxd5+ Kc8
21. Qe6+ Kb8 22. Rd7 Bg5+ 23. Kb1 Qc5 24. Rxg7 Rd8 25. Qxf5
Ra7 26. Rxa7 Kxa7 27. a3 Qd5 28. Qf1 Qd2 29. e6 Rf8 30. Qe2
Qxe2 31. Rxe2 Be7 32. b4 Kb6 33. Kb2 Kc6 34. Kb3 Rf4 35. c3
Kd5 1/2-1/2

[Event "Bled Olympiad"]
[Site "Bled SLO"]
[Date "2002.11.01"]
[EventDate "2002.10.26"]
[Round "7"]
[Result "0-1"]
[White "Heikki Kallio"]
[Black "Pavel Kotsur"]
[WhiteElo "2471"]
[BlackElo "2579"]
[PlyCount "118"]

1. e4 c5 2. Nf3 d6 3. Bb5+ Nd7 4. d4 Ngf6 5. Nc3 a6 6. Bxd7+
Nxd7 7. O-O e6 8. Bg5 Qc7 9. d5 e5 10. a4 h6 11. Bh4 g6
12. Nd2 Bg7 13. Nc4 Nb6 14. Ne3 O-O 15. g4 Bd7 16. Qd3 Rae8
17. f3 Bc8 18. Ne2 Nd7 19. c4 Bf6 20. Bxf6 Nxf6 21. Ng3 Qe7
22. Kf2 Nh7 23. Rh1 Qh4 24. Ke2 Ng5 25. Qd2 Kh7 26. Raf1 Nh3
27. Qa5 Qg5 28. Re1 h5 29. gxh5 gxh5 30. Kd2 h4 31. Ne2 f5
32. Nc3 Qe7 33. Re2 f4 34. Nc2 Rg8 35. Ne1 Rg6 36. b4 cxb4
37. Qxb4 Qc7 38. a5 Bd7 39. Kd3 Rc8 40. Rb2 Rg7 41. Rf1 Be8
42. Nb1 Qd8 43. Nd2 Rgc7 44. Nc2 Qf6 45. Qb6 Qg6 46. Ne1 Kh8
47. Qa7 Bb5 48. cxb5 Rc3+ 49. Ke2 Re3+ 50. Kd1 Qg1 51. Nd3
Re1+ 52. Rxe1 Qxa7 53. b6 Qb8 54. Re2 Rc3 55. Nb4 Qg8 56. Rb3
Rc5 57. Nxa6 Rxa5 58. Nc7 Qg1+ 59. Kc2 Ra2+ 0-1

[Event "Bled Olympiad"]
[Site "Bled SLO"]
[Date "2002.11.01"]
[EventDate "2002.10.26"]
[Round "7"]
[Result "1-0"]
[White "Evgeni Egorov"]
[Black "Sampsa Nyysti"]
[WhiteElo "2446"]
[BlackElo "2410"]
[PlyCount "71"]

1. e4 e5 2. Bc4 Nf6 3. Nc3 Nc6 4. d3 Bb4 5. Nf3 d5 6. exd5
Nxd5 7. O-O Bxc3 8. bxc3 O-O 9. Qe1 Qd6 10. Ba3 Qxa3 11. Bxd5
Bg4 12. Bxc6 bxc6 13. Nxe5 Rae8 14. Nc4 Qc5 15. Ne3 Bc8
16. Qd2 f5 17. d4 Qd6 18. Rfe1 Ba6 19. Nf1 Bxf1 20. Rxf1 f4
21. Rfe1 Rxe1+ 22. Rxe1 Qd5 23. a3 Qa2 24. Qd3 Qxa3 25. Qc4+
Kh8 26. Qxc6 Qa5 27. f3 h6 28. Kf2 Kh7 29. Re7 Qf5 30. Qe4
Qxe4 31. fxe4 Rc8 32. Re5 g5 33. Ra5 Ra8 34. Ra6 Kg7 35. Kf3
h5 36. Rc6 1-0

[Event "Bled Olympiad"]
[Site "Bled SLO"]
[Date "2002.11.01"]
[EventDate "2002.10.26"]
[Round "7"]
[Result "1-0"]
[White "Mika Karttunen"]
[Black "Petr Kostenko"]
[WhiteElo "2413"]
[BlackElo "2501"]
[PlyCount "127"]

1. d4 e6 2. c4 c5 3. e3 Nf6 4. Nc3 b6 5. Nf3 g6 6. dxc5 bxc5
7. e4 Bb7 8. e5 Ne4 9. Nxe4 Bxe4 10. Bd3 Bxf3 11. Qxf3 Nc6
12. Qe3 Qc7 13. f4 d6 14. Be4 Rd8 15. exd6 Rxd6 16. Bd2 Nd4
17. O-O Bg7 18. Bc3 O-O 19. Kh1 Rfd8 20. Rae1 R6d7 21. Qg3 Qb6
22. Bb1 Qa6 23. b3 Qb6 24. Qe3 a5 25. Rc1 Qa6 26. Qe1 Ra7
27. Rf2 Rb8 28. Bd3 Qb6 29. Rb1 Qd8 30. Bf1 Rbb7 31. Rd2 Rd7
32. Rbd1 h5 33. Rd3 Qc7 34. Qd2 Rd6 35. Qc1 Ra8 36. Qd2 Rdd8
37. g3 Nc6 38. Bxa5 Rxd3 39. Bxc7 Rxd2 40. Rxd2 Ra6 41. Bg2
Nd4 42. Be4 Bf6 43. Kg2 Kf8 44. Bb7 Ra3 45. Bb6 Be7 46. b4 Nf5
47. bxc5 Ne3+ 48. Kf2 Nxc4 49. Rc2 Ne3 50. Rc1 Ng4+ 51. Kg1
Rxa2 52. c6 Bd6 53. h3 Rb2 54. Bd4 Rd2 55. Bb6 Rb2 56. Bd4 Rd2
57. Bc5 Bxc5+ 58. Rxc5 Rd1+ 59. Kg2 Rd2+ 60. Kf3 Nh2+ 61. Ke4
Ke7 62. c7 f5+ 63. Ke5 Rd5+ 64. Bxd5 1-0

[Event "Bled Olympiad"]
[Site "Bled SLO"]
[Date "2002.11.01"]
[EventDate "2002.10.26"]
[Round "7"]
[Result "1-0"]
[White "Rafael Prasca Sosa"]
[Black "Tiger Hillarp Persson"]
[WhiteElo "2352"]
[BlackElo "2493"]
[PlyCount "89"]

1. e4 g6 2. d4 Bg7 3. Nf3 d6 4. Nc3 a6 5. a4 b6 6. Bc4 e6
7. O-O Ne7 8. Re1 Nd7 9. Ne2 Bb7 10. Nf4 Nf8 11. c3 h6 12. e5
d5 13. Bd3 c5 14. b3 Nd7 15. Qc2 O-O 16. Qe2 a5 17. h4 Re8
18. Be3 Rc8 19. Bb1 cxd4 20. cxd4 Rc3 21. Qd2 Rxb3 22. Nd3 Ba6
23. Bc2 Rxd3 24. Bxd3 Bxd3 25. Qxd3 Nf5 26. Qb5 Bf8 27. Bd2
Kg7 28. Rec1 f6 29. g4 Ne7 30. Bf4 fxe5 31. Bxe5+ Nxe5
32. Nxe5 Ng8 33. Rc7+ Re7 34. Rxe7+ Bxe7 35. Qb1 Qe8 36. Qxb6
Bxh4 37. Rc1 Bd8 38. Qb8 Ne7 39. Qd6 h5 40. Qxe6 hxg4 41. Nxg4
Qxa4 42. Qf6+ Kg8 43. Kg2 Qd7 44. Nh6+ Kh7 45. Rh1 1-0

[Event "Bled Olympiad"]
[Site "Bled SLO"]
[Date "2002.11.01"]
[EventDate "2002.10.26"]
[Round "7"]
[Result "0-1"]
[White "Cristian Eduardo Salas Arros"]
[Black "Vugar Gashimov"]
[WhiteElo "2356"]
[BlackElo "2580"]
[PlyCount "124"]

1. d4 Nf6 2. c4 e6 3. Nc3 Bb4 4. Qc2 c5 5. dxc5 O-O 6. a3 Bxc5
7. Nf3 Be7 8. Bg5 a6 9. Rd1 Qc7 10. e4 d6 11. Be2 b6 12. O-O
Bb7 13. Nd4 Nbd7 14. Bc1 Rac8 15. a4 Rfe8 16. f4 g6 17. Rfe1
e5 18. Nb3 b5 19. axb5 axb5 20. Nxb5 Qb6+ 21. c5 Nxc5 22. Be3
Bxe4 23. Qc1 exf4 24. Bf2 Bb7 25. Nxc5 dxc5 26. Qxf4 Qc6
27. Bf1 Nd5 28. Rxd5 Qxd5 29. Nc7 Qd7 30. Nxe8 Rxe8 31. Qe5
Bc6 32. Rc1 Bd6 33. Qc3 Re5 34. b4 Rh5 35. h3 Bf4 36. Rc2 Be5
37. Qc4 Rg5 38. Be3 Rg3 39. Bf2 Rg5 40. Be3 Rg3 41. Bf2 Qxh3
42. Bxg3 Qxg3 43. bxc5 Bf4 44. Re2 Qh2+ 45. Kf2 Qg3+ 46. Kg1
Be3+ 47. Rxe3 Qxe3+ 48. Kh2 h5 49. Qc2 h4 50. Qd3 Qf2 51. Qd6
Be4 52. Qe5 Bf5 53. Bc4 Bg4 54. Qe8+ Kg7 55. Qe5+ Kh7 56. Qc7
Kg7 57. Qe5+ f6 58. Qc7+ Kh6 59. c6 Qd4 60. Ba6 Bf5 61. Qb8
Kg5 62. c7 Qd6+ 0-1

[Event "Bled Olympiad"]
[Site "Bled SLO"]
[Date "2002.11.01"]
[EventDate "2002.10.26"]
[Round "7"]
[Result "0-1"]
[White "Mark Quinn"]
[Black "Leif Erlend Johannessen"]
[WhiteElo "2429"]
[BlackElo "2534"]
[PlyCount "84"]

1. d4 e6 2. c4 d5 3. Nf3 c6 4. Qc2 Nf6 5. e3 Nbd7 6. Nc3 Bd6
7. Bd3 O-O 8. O-O dxc4 9. Bxc4 a6 10. Rd1 b5 11. Be2 Qc7
12. e4 e5 13. g3 Re8 14. a3 h6 15. b4 a5 16. Rb1 axb4 17. axb4
Bb7 18. dxe5 Nxe5 19. Nd4 Nc4 20. Rb3 Be5 21. Nf5 Bc8 22. Bf3
Be6 23. Ne2 Nd6 24. Ra3 Rxa3 25. Bxa3 Nxf5 26. exf5 Bc4
27. Bb2 Nd5 28. Bxd5 Bxd5 29. Nd4 Qd7 30. Qd2 Bf6 31. h3 Qe7
32. f3 Bg5 33. Qd3 Qxb4 34. Bc3 Qd6 35. f4 Bf6 36. Nxb5 cxb5
37. Bxf6 gxf6 38. Qxb5 Rd8 39. h4 Kg7 40. Qa5 Rd7 41. Rd2 Qc6
42. Qa3 Qb6+ 0-1

[Event "Bled Olympiad"]
[Site "Bled SLO"]
[Date "2002.11.01"]
[EventDate "2002.10.26"]
[Round "7"]
[Result "1-0"]
[White "Kjetil A Lie"]
[Black "Mark Heidenfeld"]
[WhiteElo "2421"]
[BlackElo "2373"]
[PlyCount "60"]

1. c4 b6 2. Nc3 Bb7 3. e4 e5 4. Nge2 Nc6 5. d3 g6 6. g3 Bg7
7. Bg2 Nge7 8. O-O f5 9. Nd5 fxe4 10. dxe4 O-O 11. Be3 d6
12. Qd2 a5 13. Rac1 Kh8 14. b3 Bc8 15. Nec3 Nxd5 16. cxd5 Nb4
17. Nb5 Na6 18. Nxc7 Nxc7 19. Bxb6 Rf7 20. Rc2 Ra6 21. Bxa5
Bh6 22. f4 Ra7 23. Rfc1 Ba6 24. Qb4 Rb7 25. Bxc7 Rxb4 26. Bxd8
exf4 27. Ba5 Rb8 28. Bd2 Kg7 29. Rc7 Rb7 30. Rxb7 Bxb7 1-0

[Event "Bled Olympiad"]
[Site "Bled SLO"]
[Date "2002.11.01"]
[EventDate "2002.10.26"]
[Round "7"]
[Result "1-0"]
[White "Hannes Stefansson"]
[Black "Antonio Fernandes"]
[WhiteElo "2566"]
[BlackElo "2482"]
[PlyCount "125"]

1. e4 e6 2. d4 d5 3. Nc3 Nf6 4. Bg5 dxe4 5. Nxe4 Nbd7 6. Nxf6+
Nxf6 7. Nf3 h6 8. Bh4 c5 9. Bc4 cxd4 10. O-O Be7 11. Nxd4 O-O
12. Re1 Bd7 13. Qe2 Qb6 14. c3 Rfe8 15. Nf3 Rad8 16. Ne5 a6
17. a4 Bc8 18. a5 Qc5 19. Bb3 Nd7 20. Bg3 Bd6 21. Ba4 Rf8
22. Ng4 Bxg3 23. hxg3 b5 24. axb6 Nxb6 25. Bc2 Bb7 26. Ne5 Rd6
27. Ra3 Rfd8 28. b4 Qc7 29. Bb3 Nd5 30. Bc4 Rc8 31. Qg4 Nb6
32. Bf1 Nd7 33. Nc4 Rc6 34. Qd4 Nf6 35. Na5 Rd6 36. Qa7 Be4
37. Qxc7 Rxc7 38. c4 Rd2 39. f3 Bb7 40. Rb1 Nh5 41. Nxb7 Rxb7
42. Kh2 Rd6 43. c5 Rd4 44. Bxa6 Rc7 45. Rd3 Rxd3 46. Bxd3 Nf6
47. Rc1 Kf8 48. b5 Nd7 49. c6 Nb6 50. Ra1 Ke7 51. Ra6 Nc8
52. b6 Nxb6 53. Rxb6 Kd6 54. Bb5 Rc8 55. Rb7 Kc5 56. g4 e5
57. Kg3 g6 58. Kh3 f5 59. gxf5 gxf5 60. c7 Kd6 61. Bd3 Kc6
62. Ra7 Kb6 63. Bxf5 1-0

[Event "Bled Olympiad"]
[Site "Bled SLO"]
[Date "2002.11.01"]
[EventDate "2002.10.26"]
[Round "7"]
[Result "1-0"]
[White "Rui Damaso"]
[Black "Helgi Ass Gretarsson"]
[WhiteElo "2427"]
[BlackElo "2508"]
[PlyCount "83"]

1. e4 d6 2. d4 Nf6 3. Nc3 g6 4. g3 Bg7 5. Bg2 O-O 6. Nge2 e5
7. h3 c6 8. a4 a5 9. O-O Na6 10. Be3 Nb4 11. Qd2 Be6 12. f4
Bc4 13. b3 Ba6 14. Rad1 exd4 15. Bxd4 Re8 16. Rfe1 Qc7 17. g4
Bxe2 18. Rxe2 d5 19. e5 Nd7 20. Rde1 Rad8 21. Nd1 c5 22. Bf2
d4 23. Bh4 Ra8 24. c3 Nc6 25. c4 Qb6 26. Qd3 Nb4 27. Qf3 f6
28. e6 Nf8 29. f5 g5 30. Bg3 Re7 31. Nf2 h6 32. Nd3 Na6
33. Rb2 Nh7 34. Qd1 Bf8 35. Bd5 Kh8 36. h4 Rg7 37. Rh2 Bd6
38. Bxd6 Qxd6 39. Qf3 Rb8 40. hxg5 Nxg5 41. Qf4 Qxf4 42. Nxf4
1-0

[Event "Bled Olympiad"]
[Site "Bled SLO"]
[Date "2002.11.01"]
[EventDate "2002.10.26"]
[Round "7"]
[Result "1-0"]
[White "Helgi Olafsson"]
[Black "Carlos Pereira dos Santos"]
[WhiteElo "2476"]
[BlackElo "2420"]
[PlyCount "113"]

1. d4 d5 2. c4 c6 3. Nf3 Nf6 4. Nc3 dxc4 5. a4 Bf5 6. e3 e6
7. Bxc4 Bb4 8. O-O Nbd7 9. Qe2 O-O 10. e4 Bg6 11. Bd3 Bh5
12. Bf4 Re8 13. e5 Nd5 14. Bd2 c5 15. dxc5 Nxc3 16. bxc3 Bxc5
17. Bf4 Be7 18. Rfd1 Bxf3 19. Qxf3 Qc7 20. Bxh7+ Kxh7 21. Qd3+
Kg8 22. Qxd7 Qc4 23. Be3 Bc5 24. Bd4 Red8 25. Qxb7 Rab8
26. Qc6 Rbc8 27. Qe4 Rd7 28. g3 Bxd4 29. Rxd4 Rxd4 30. Qxd4
Qxc3 31. Qxc3 Rxc3 32. Rb1 g5 33. Rb5 Kg7 34. Kg2 Kg6 35. Ra5
Rc7 36. Kf3 Kf5 37. h3 Rc3+ 38. Ke2 a6 39. Rxa6 Kxe5 40. Ra5+
Ke4 41. f3+ Kd4 42. Rxg5 Rc2+ 43. Kd1 Ra2 44. h4 f5 45. f4 Kd3
46. Kc1 Kc3 47. Kb1 Rg2 48. Rg7 Kb3 49. Kc1 Kc3 50. Rc7+ Kd3
51. h5 Ra2 52. h6 Rxa4 53. Re7 Ra1+ 54. Kb2 Rg1 55. h7 Rh1
56. Kb3 Ke4 57. Kc4 1-0

[Event "Bled Olympiad"]
[Site "Bled SLO"]
[Date "2002.11.01"]
[EventDate "2002.10.26"]
[Round "7"]
[Result "1-0"]
[White "Sergio Rocha"]
[Black "Stefan Kristjansson"]
[WhiteElo "2390"]
[BlackElo "2431"]
[PlyCount "168"]

1. e4 e6 2. d4 d5 3. Nc3 Bb4 4. e5 Ne7 5. Qg4 c5 6. a3 Bxc3+
7. bxc3 Kf8 8. a4 Qc7 9. Qd1 b6 10. a5 Ba6 11. Nf3 Bxf1
12. axb6 Qb7 13. Rxf1 axb6 14. Ba3 Nd7 15. Qb1 Qc6 16. Kd2 f6
17. exf6 gxf6 18. Re1 Rg8 19. g3 Nf5 20. Ke2 Kf7 21. Kf1 cxd4
22. Nxd4 Nxd4 23. cxd4 Rgc8 24. c3 f5 25. Bb4 Nf6 26. Rxa8
Rxa8 27. Qc1 Ra2 28. Kg1 Ra8 29. Qh6 Rg8 30. Ra1 Ra8 31. Re1
Rg8 32. Kg2 Qa4 33. Re2 Qa6 34. Qe3 Re8 35. Rb2 Qa1 36. Re2
Qa6 37. Re1 Qa2 38. Re2 Qa6 39. Bd6 Ne4 40. Be5 Rc8 41. Rc2
Qa3 42. Qh6 Rxc3 43. Qxh7+ Ke8 44. Qg8+ Ke7 45. Bg7 Kd7
46. Bf8 Qxf8 47. Qxf8 Rxc2 48. h4 Nxf2 49. Kf3 Ng4 50. Kf4 Rd2
51. Kg5 Rd3 52. Qb8 Rxd4 53. Qb7+ Ke8 54. Qxb6 Re4 55. h5 d4
56. Qb8+ Kd7 57. Qb5+ Kd6 58. h6 Nxh6 59. Kxh6 Rg4 60. Kh5 Ke7
61. Qe5 Kd7 62. Kh6 Ke7 63. Qc7+ Kf6 64. Kh7 d3 65. Qd8+ Kf7
66. Qd7+ Kf6 67. Qd8+ Kf7 68. Qxd3 Ke7 69. Kh6 Rg8 70. Qc4 Kf6
71. Qd4+ Kf7 72. Qe5 Rg6+ 73. Kh5 Rg4 74. Kh6 Rc4 75. Qg7+ Ke8
76. Qf6 Kd7 77. Kg7 Re4 78. Qc3 Kd6 79. Kf6 Kd5 80. Qd3+ Kc5
81. Ke7 Kc6 82. Qd6+ Kb5 83. Kf6 Kc4 84. Qxe6+ Kd4 1-0

[Event "Bled Olympiad"]
[Site "Bled SLO"]
[Date "2002.11.01"]
[EventDate "2002.10.26"]
[Round "7"]
[Result "1-0"]
[White "Darryl K Johansen"]
[Black "Muhammad Ivan Situru"]
[WhiteElo "2512"]
[BlackElo "2377"]
[PlyCount "101"]

1. Nf3 Nf6 2. c4 g6 3. Nc3 Bg7 4. d4 O-O 5. Bf4 d6 6. h3 Nbd7
7. e3 b6 8. Be2 Bb7 9. O-O e6 10. Qc2 Re8 11. Rad1 h6 12. Bh2
Qb8 13. b4 a6 14. Nd2 e5 15. d5 Nh7 16. e4 g5 17. Rb1 Qd8
18. Nd1 Nhf8 19. Ne3 Ng6 20. Rfe1 Bf8 21. Nb3 c6 22. Rbd1 Nf6
23. Bg4 cxd5 24. cxd5 Nxg4 25. hxg4 Qd7 26. Nd2 Qb5 27. Ndc4
Bc8 28. Rb1 Rb8 29. a4 Qd7 30. a5 b5 31. Nb6 Qd8 32. Rbc1 Rxb6
33. axb6 Qxb6 34. Qc6 Qd8 35. g3 Ne7 36. Qc7 Bd7 37. Qxd8 Rxd8
38. Rc7 Be8 39. Ra1 Ra8 40. Nf5 Nc8 41. Rb7 f6 42. f3 Bg6
43. Kg2 Bxf5 44. gxf5 Be7 45. Bg1 Kf7 46. Bb6 Ke8 47. Bc7 Bf8
48. Ba5 Be7 49. Rc1 Bf8 50. Rcc7 Be7 51. Rd7 1-0

[Event "Bled Olympiad"]
[Site "Bled SLO"]
[Date "2002.11.01"]
[EventDate "2002.10.26"]
[Round "7"]
[Result "1-0"]
[White "Aleksandar H Wohl"]
[Black "Sadikin Irwanto"]
[WhiteElo "2422"]
[BlackElo "2416"]
[PlyCount "93"]

1. e4 e5 2. Nf3 Nc6 3. Bb5 a6 4. Ba4 Nf6 5. O-O Be7 6. Bxc6
dxc6 7. Qe2 Bg4 8. h3 Bh5 9. d3 Nd7 10. Nbd2 Bxf3 11. Qxf3 O-O
12. Nc4 Bg5 13. Qg3 Bxc1 14. Raxc1 f6 15. f4 exf4 16. Rxf4 Ne5
17. Ne3 Ng6 18. Nf5 Rf7 19. Rg4 Qd7 20. Rf1 Ne5 21. Nh6+ Kf8
22. Nxf7 Nxg4 23. hxg4 Kxf7 24. g5 Qd6 25. e5 Qd4+ 26. Kh1 f5
27. Rxf5+ Kg6 28. c3 Qd5 29. Rf1 Re8 30. d4 Qe4 31. Re1 Qf5
32. Re3 Re6 33. Rf3 Qxg5 34. Qxg5+ Kxg5 35. Rf7 Rg6 36. Rxc7
b5 37. Ra7 Kf4 38. Rxa6 Kg3 39. Kg1 Rh6 40. Ra7 g5 41. Rf7 g4
42. Rf2 Rh5 43. Re2 Rf5 44. e6 Rf8 45. e7 Re8 46. a4 bxa4
47. c4 1-0